[Event "Pan American-ch School U15 12th"]
[Site "Callao"]
[Date "2023.10.20"]
[Round "8"]
[White "Ilasaca Gaona, Owen Hisahito"]
[Black "Zapana Huarza, Fabricio Elvis"]
[Result "0-1"]
[WhiteElo "1691"]
[BlackElo "1585"]
[PlyCount "122"]
[EventDate "2023.10.16"]
[EventType "swiss"]
[EventRounds "9"]
[EventCountry "PER"]
[SourceTitle "Mega2024 Update 01"]
[Source "Chessbase"]
[SourceDate "2023.11.12"]
[SourceVersion "1"]
[SourceVersionDate "2023.11.12"]
[SourceQuality "1"]

1. e4 c6 2. Nf3 d5 3. Nc3 dxe4 4. Nxe4 Nf6 5. Qe2 Nxe4 6. Qxe4 Nd7 7. d4 Nf6 8. Qd3 g6 9. g3 Bf5 10. Qe2 Bg7 11. Bg2 0-0 12. 0-0 h6 13. h3 Be4 14. Rd1 Re8 15. c4 Qa5 16. Bd2 Qa6 17. Bc3 Rad8 18. a3 Qa4 19. Rac1 Bxf3 20. Qxf3 Rd7 21. Qe2 e6 22. b4 Red8 23. Qb2 Ne8 24. Rd2 Qa6 25. Bf1 Qb6 26. Rcd1 Qc7 27. Bg2 Nd6 28. Qb3 Nf5 29. Qb2 Nd6 30. Qa2 b5 31. c5 Nf5 32. Qa1 h5 33. Be4 Ne7 34. a4 a6 35. axb5 axb5 36. Ra2 h4 37. Kg2 f5 38. Bc2 hxg3 39. Bb3 Nd5 40. Bxd5 Rxd5 41. fxg3 e5 42. Ra7 Qc8 43. Qa2 Kh8 44. Re1 exd4 45. Bd2 R5d7 46. Re7 Rxe7 47. Rxe7 Re8 48. Qf7 Rxe7 49. Qxe7 Qg8 50. Qh4+ Qh7 51. Qd8+ Qg8 52. Qh4+ Qh7 53. Qd8+ Qg8 54. Qd6 Qe8 55. Kf2 Kh7 56. Qf4 d3 57. h4 Qe2+ 58. Kg1 Bd4+ 59. Kh1 Qd1+ 60. Kg2 Qg1+ 61. Kf3 Qf1# 0-1

[Event "Pan American-ch School U15 12th"]
[Site "Callao"]
[Date "2023.10.17"]
[Round "3"]
[White "Ravello Arroyo, Hector Ivan"]
[Black "Ilasaca Gaona, Owen Hisahito"]
[Result "0-1"]
[WhiteElo "1113"]
[BlackElo "1691"]
[PlyCount "77"]
[EventDate "2023.10.16"]
[EventType "swiss"]
[EventRounds "9"]
[EventCountry "PER"]
[SourceTitle "Mega2024 Update 01"]
[Source "Chessbase"]
[SourceDate "2023.11.12"]
[SourceVersion "1"]
[SourceVersionDate "2023.11.12"]
[SourceQuality "1"]

1. e4 c5 2. Nf3 e6 3. g3 a6 4. Bg2 Qc7 5. Nc3 b5 6. a3 Bb7 7. d3 d6 8. 0-0 Nf6 9. Re1 Nbd7 10. Bf4 Ne5 11. Nxe5 dxe5 12. Be3 Bd6 13. Rf1 0-0 14. Qe2 Rac8 15. Rac1 h6 16. f4 b4 17. axb4 cxb4 18. Nb1 Bc5 19. fxe5 Ng4 20. d4 Nxe3 21. Qxe3 Bb6 22. Rfe1 Rfd8 23. c3 a5 24. Kh1 a4 25. Qe2 Bxd4 26. cxd4 Qxc1 27. Rxc1 Rxc1+ 28. Bf1 Rxb1 29. Kg2 Rxd4 30. Kh3 Bxe4 31. Qb5 Bf5+ 32. g4 Bxg4+ 33. Kg3 Bf5 34. Bc4 Rxb2 35. Qe8+ Kh7 36. Qb5 a3 37. Qa6 a2 38. Bxa2 Rd3+ 39. Kf4 0-1